000 00736nam a2200265 i 4500
001 bg
100 1 _aMüldner-Nieckowski, Piotr.
245 1 0 _aWielki słownik skrótów i skrótowców /
_cPiotr Müldner-Nieckowski.
260 _aWrocław :
_b"Europa",
_c2007.
300 _a1499 s. ;
_c25 cm.
490 1 _aSłowniki 21 Wieku
650 9 _aSkróty polskie
650 9 _aSłownik polski
655 _aSłowniki
830 _aSłowniki 21 Wieku
020 _a9788374071161
040 _cBPK
041 0 _apol
044 _aPOL
080 _a003.083(03)=162.1
920 _a978-83-7407-116-1
942 _cKS
008 s pl f |000 0 pol
999 _c54938
_d54938
856 _uhttp://koha.tu.koszalin.pl/cgi-bin/koha/opac-detail.pl?biblionumber=54938
_yKatalog online BPK